Detalles MARC
| 000 -LIDER |
| fixed length control field |
01615nam a2200373 a 4500 |
| 001 - NÚMERO DE CONTROL |
| Identificador de número de control |
0000373 |
| 003 - IDENTIFICACDOR DE NÚMERO DE CONTROL |
| control field |
DO-SdBNP |
| 005 - DATE AND TIME OF LATEST TRANSACTION |
| control field |
20180309130020.0 |
| 007 - CAMPOS FIJOS DE DESCRIPCIÓN FÍSICA |
| fixed length control field |
0000373 |
| 008 - ELEMENTOS DE LONGITUD FIJA |
| fixed length control field |
150817s2012 ac 000 spa d |
| 020 ## - ISBN |
| International Standard Book Number |
9789945116243 (v. 2) |
| 040 ## - FUENTE DE CATALOGACIÓN |
| Agencia que crea de manera original el registro |
BPMSU |
| Idioma de catalogación |
spa |
| Agencia que realiza la transcripción |
BPMSU |
| 092 ## - LOCALLY ASSIGNED DEWEY DECIMAL CALL NUMBER |
| Número de clasificación |
372.61 |
| Número de ítem (Cutter) |
J61e, 3ro. 2012 |
| 100 ## - ASIENTO PRINCIPAL -- NOMBRE PERSONAL |
| Nombre personal |
Jiménez Malena, Martha Ariza |
| 245 10 - MENCIÓN DE TITULO |
| Título |
Español 3 / |
| Subtítulo |
educación básica |
| Mención de responsabilidad |
Martha Ariza Jiménez Malena, María Isabel Incháustegui ; ilustración Ruddy Núñez ; dirección editorial Obdulia García de Escobar |
| 260 ## - PUBLICACIÓN, DISTRIBUCIÓN, ETC. (PIE DE IMPRENTA) |
| Lugar de publicación, distribución, etc |
Santo Domingo : |
| Nombre del editor, distribuidor, etc. |
Santillana, |
| Fecha de publicación, distribución, etc |
2012. |
| 300 ## - DESCRIPCIÓN FÍSICA |
| Extensión |
v. : |
| Otros detalles físicos |
il. retrs. |
| Dimensiones |
30 cm. |
| 490 1# - MENCIÓN DE SERIES |
| Mención de serie |
Innova |
| 500 ## - NOTA GENERAL |
| Nota general |
Incluye libro de texto y guía, recursos didácticos para el profesorado. |
| 505 1# - NOTA DE CONTENIDO |
| Título |
Una vacuna como ninguna -- |
| -- |
Historia del árbol caído -- |
| -- |
Verde, amarillo y rojo -- |
| -- |
Grandes viajes -- |
| -- |
El burro réquetelisto -- |
| -- |
Un safari en Kenia -- |
| -- |
La luna y el sol -- |
| -- |
Los rescatistas -- |
| -- |
Un fenómeno espectacular -- |
| -- |
La escuela del futuro -- |
| -- |
Una abeja presidente -- |
| -- |
Un joven afortunado -- |
| 650 ## - ENCABEZAMIENTO DE MATERIA--TEMÁTICO |
| Término temático o nombre geográfico como elemento de entrada |
GRAMÁTICA |
| Subdivisión temática general |
ENSEÑANZA BÁSICA |
| 650 ## - ENCABEZAMIENTO DE MATERIA--TEMÁTICO |
| Término temático o nombre geográfico como elemento de entrada |
GRAMÁTICA |
| Subdivisión temática general |
EDUCACIÓN PRIMARIA |
| 650 ## - ENCABEZAMIENTO DE MATERIA--TEMÁTICO |
| Término temático o nombre geográfico como elemento de entrada |
EDUCACIÓN PRIMARIA |
| Subdivisión geográfica |
REPÚBLICA DOMINICANA |
| 650 ## - ENCABEZAMIENTO DE MATERIA--TEMÁTICO |
| Término temático o nombre geográfico como elemento de entrada |
GRAMÁTICA |
| Subdivisión temática general |
LIBROS DE TEXTO |
| 650 ## - ENCABEZAMIENTO DE MATERIA--TEMÁTICO |
| Término temático o nombre geográfico como elemento de entrada |
GRAMÁTICA |
| Subdivisión temática general |
ESTUDIOS Y EJERCICIOS |
| 700 1# - ASIENTO SECUNDARIO -- NOMBRE PERSONAL |
| Nombre personal |
Núñez, Ruddy |
| Mención de responsabilidad |
il. |
| 700 1# - ASIENTO SECUNDARIO -- NOMBRE PERSONAL |
| Nombre personal |
Incháustegui, María Isabel |
| 700 1# - ASIENTO SECUNDARIO -- NOMBRE PERSONAL |
| Nombre personal |
García de Escobar, Obdulia |
| Mención de responsabilidad |
dir. ed. |
| 830 #0 - ASIENTO SECUNDARIO DE SERIE--TÍTULO UNIFORME |
| Nombre de la parte o sección de una obra |
Innova |
| 910 ## - VALIDACIÓN |
| Validación |
00144 |
| 942 ## - ADDED ENTRY ELEMENTS (KOHA) |
| Source of classification or shelving scheme |
Dewey Decimal Classification |
| Koha item type |
Libros |
| 945 ## - INFORMACIÓN DE PROCESAMIENTO LOCAL |
| Información de procesamiento local |
Remanejado para la BNPHU / 2018 BT |
| 956 ## - LOCAL ELECTRONIC LOCATION AND ACCESS (OCLC) |
| Nombre de host |
Yngrid Lockward |
| Número de acceso |
10 |